00808nam a2200193 a 450000100100000000500170001000800410002702000150006804000250008308200150010810000370012324501450016026001110030530000250041649000340044150000740047550400310054983000340058000004163920201002035659.0131014s2002 sp 000 0 spa d a8400080440 aDO-SdBNPbspacBNPHU axxxbB562e1 aBetancor Gómez, María José10aEpidemias y pleito insular :bla fiebre amarilla en Las Palmas de Gran Canaria en el período isabelino /cMaría José Betancor Gómez. aMadrid :bEdiciones del Cabildo de Gran Canaria, Consejo Superior de Investigaciones Científicas,c2002. aix, 226 p. ;c21 cm.1 aEstudios sobre la cienciav29 aIncluye referencias bibliográficas y notas al pie de las páginas. aBibliografía: p. 215-226 0aEstudios sobre la ciencian29